[Event "World Youth Open U16 2017"]
[Site "Montevideo URU"]
[Date "2017.09.25"]
[Round "10.1"]
[White "Esipenko,Andrey"]
[Black "Gazik,Viktor"]
[Result "1-0"]
[WhiteElo "2540"]
[BlackElo "2485"]

1.d4 Nf6 2.c4 c5 3.d5 e6 4.Nc3 exd5 5.cxd5 d6 6.Nf3 g6 7.Bf4 Bg7 8.Qa4+ Bd7
9.Qb3 Qc7 10.e4 O-O 11.Nd2 Nh5 12.Be3 f5 13.exf5 gxf5 14.Nf3 f4 15.Bd2 Re8+
16.Be2 Bf5 17.Kf1 Qe7 18.Re1 Nd7 19.h3 Qf7 20.Nb5 c4 21.Qxc4 Rac8 22.Qb4 Qxd5
23.Kg1 Rxe2 24.Rxe2 Bd3 25.Nxd6 Rc6 26.Re8+ Bf8 27.Nc8 Kf7 28.Rxf8+ Nxf8
29.Ne7 a5 30.Qa3  1-0

[Event "World Youth Open U14 2017"]
[Site "Montevideo URU"]
[Date "2017.09.26"]
[Round "11.4"]
[White "Anuj,Shrivatri"]
[Black "Cohen Revivo,Shoham"]
[Result "1-0"]
[WhiteElo "2246"]
[BlackElo "2188"]

1.d4 Nf6 2.c4 c5 3.d5 e6 4.Nc3 exd5 5.cxd5 d6 6.Nf3 g6 7.Bg5 Bg7 8.Nd2 Nbd7
9.e3 O-O 10.Be2 a6 11.a4 Qc7 12.O-O Nb6 13.e4 Bd7 14.Bh4 Rfe8 15.Bg3 a5 16.f4 Qc8
17.Qb3 Qd8 18.e5 Nh5 19.Bxh5 gxh5 20.Nf3 c4 21.Qc2 Bg4 22.Ng5 h6 23.Qh7+ Kf8
24.Nge4 h4 25.f5 f6 26.exf6 Bxf6 27.Bxd6+ Be7 28.f6  1-0

[Event "World Youth Girl U18 2017"]
[Site "Montevideo URU"]
[Date "2017.09.26"]
[Round "11.9"]
[White "Di Benedetto,Desiree"]
[Black "Lahav,Michal"]
[Result "0-1"]
[WhiteElo "2246"]
[BlackElo "2196"]

1.d4 Nf6 2.c4 e6 3.Nf3 c5 4.d5 exd5 5.cxd5 d6 6.Nc3 g6 7.Bf4 Bg7 8.Qa4+ Bd7
9.Qb3 Qc7 10.e4 O-O 11.Be2 b5 12.e5 dxe5 13.Bxe5 Qb6 14.Nxb5 c4 15.Bxc4 Ng4
16.Bg3 Qa5+ 17.Kf1 Na6 18.a4 Nc5 19.Qa3 Ne4 20.Rd1 Bxb5 21.Bxb5 Qb6 22.Nd2 Nexf2
23.Nc4 Qf6 24.Qf3 Nxd1 25.Ke2 Nxb2 26.Qxg4 Nxc4 27.Qxc4 Qb2+ 28.Kf3 Rac8
29.Bc6 Rfe8 30.Rf1 h5 31.Bf4 Qf6 32.Kg3 h4+ 33.Kh3 Qf5+ 34.g4 hxg3 35.Kxg3 Re4
36.Qa6 g5 37.d6 Rxf4 38.Rxf4 Qxf4+ 39.Kg2 Qd2+ 40.Kf3 Qc3+  0-1

[Event "World Youth Girl U16 2017"]
[Site "Montevideo URU"]
[Date "2017.09.26"]
[Round "11.4"]
[White "Antova,Gabriela"]
[Black "Radeva,Viktoria"]
[Result "1-0"]
[WhiteElo "2256"]
[BlackElo "2200"]

1.d4 Nf6 2.Nf3 e6 3.c4 c5 4.d5 exd5 5.cxd5 d6 6.Nc3 g6 7.Bf4 Bg7 8.Qa4+ Bd7
9.Qb3 Qc7 10.e4 O-O 11.Nd2 a5 12.a4 Nh5 13.Be3 f5 14.exf5 gxf5 15.Be2 f4
16.Bxc5 Qxc5 17.Bxh5 Qd4 18.O-O Na6 19.Nde4 Nb4 20.Bf3 Qb6 21.Ng5 Bf5 22.Be4 Be5
23.Bxf5 Rxf5 24.Nce4 Qd8 25.h4 h6 26.Qh3 Qf8 27.Ne6 Qf7 28.g4 fxg3 29.Qg4+ Kh8
30.fxg3 Rxf1+ 31.Rxf1 Rg8 32.N4g5 Qg6 33.Nf8 Qe8 34.Qe4 Rg7 35.Nfe6 hxg5
36.Rf8+ Qxf8 37.Nxf8 gxh4 38.Ng6+ Kg8 39.gxh4 Kh7 40.Kh1 Bxb2 41.Ne7+ Kh8
42.Qe2  1-0

[Event "3rd Ceramica Corund Open"]
[Site "Corund ROU"]
[Date "2017.09.27"]
[Round "2.14"]
[White "Krstulovic,Alex"]
[Black "Ognean,Mihnea-Ionut"]
[Result "1-0"]
[WhiteElo "2261"]
[BlackElo "2166"]

1.d4 Nf6 2.c4 e6 3.Nf3 c5 4.d5 d6 5.Nc3 exd5 6.cxd5 g6 7.Nd2 Bg7 8.e4 O-O
9.Be2 Re8 10.O-O Na6 11.f3 Nc7 12.a4 Nd7 13.Kh1 b6 14.Nc4 Ne5 15.Ne3 f5 16.f4 Nf7
17.exf5 gxf5 18.Qc2 Qf6 19.Bd3 Nh6 20.Bd2 Bd7 21.Rab1 a6 22.Ne2 b5 23.Ng3 Rxe3
24.Bxe3 Nxd5 25.Bd2 Rf8 26.Nh5 Qh4 27.Nxg7 Ng4 28.h3 Kxg7 29.Rbe1 c4 30.Be2 Nf2+
31.Rxf2 Qxf2 32.Bxc4 Nf6 33.axb5 axb5 34.Re7+ Kh6 35.Bxb5 Ra8 36.Qc3 Ra1+
37.Be1 Nh5 38.Kh2 Qxf4+ 39.g3 Qg5 40.Rxd7 Rd1 41.Be2 f4 42.Bxd1  1-0

[Event "3rd Ceramica Corund Open"]
[Site "Corund ROU"]
[Date "2017.09.27"]
[Round "3.7"]
[White "Costachi,M"]
[Black "Kuzmin,Yuriy"]
[Result "1-0"]
[WhiteElo "2418"]
[BlackElo "2270"]

1.d4 Nf6 2.c4 e6 3.Nf3 c5 4.d5 exd5 5.cxd5 d6 6.Nc3 g6 7.Nd2 Nbd7 8.e4 Bg7
9.Be2 O-O 10.O-O Re8 11.a4 Ne5 12.Qc2 a6 13.Ra3 Nfg4 14.h3 Nh6 15.f4 Nd7
16.Nc4 Nb6 17.Nxb6 Qxb6 18.Kh1 f5 19.e5 dxe5 20.fxe5 Rxe5 21.Bf4 Qd6 22.Nd1 Rb8
23.Ne3 b5 24.axb5 axb5 25.Bxb5 Rxb5 26.Nc4 Qxd5 27.Rd3  1-0

[Event "Vasteras Open 2017"]
[Site "Vasteras SWE"]
[Date "2017.09.29"]
[Round "2.9"]
[White "Emmoth,Alfons"]
[Black "Wedberg,T"]
[Result "0-1"]
[WhiteElo "2103"]
[BlackElo "2458"]

1.d4 Nf6 2.c4 e6 3.Nf3 c5 4.d5 d6 5.Nc3 exd5 6.cxd5 g6 7.e4 a6 8.a4 Bg4 9.Be2 Bxf3
10.Bxf3 Bg7 11.O-O O-O 12.Re1 Nbd7 13.Be2 Re8 14.Bf1 Rc8 15.a5 c4 16.Ra4 Ne5
17.h3 Nfd7 18.f4 Nd3 19.Bxd3 cxd3 20.Ra3 b5 21.axb6 Qxb6+ 22.Kh1 Nc5 23.Na4 Nxa4
24.Qxa4 Bxb2 25.Bxb2 Qxb2 26.Rxd3 Qf2 27.Rde3 Qxf4 28.Qxa6 Rc2 29.Qb5 Ra8
30.R3e2 Rxe2 31.Qxe2 Re8 32.Qf3 Qe5 33.g3 f5 34.Qf4 Qxf4 35.gxf4 Rxe4 36.Rxe4 fxe4
37.Kg2 Kf7 38.Kf2 Kf6 39.Ke3 Kf5  0-1

[Event "3rd Ceramica Corund Open"]
[Site "Corund ROU"]
[Date "2017.09.30"]
[Round "8.9"]
[White "Secheres,Ad"]
[Black "Velickovic,Sa"]
[Result "1-0"]
[WhiteElo "2332"]
[BlackElo "2293"]

1.d4 Nf6 2.c4 c5 3.d5 e6 4.Nc3 exd5 5.cxd5 d6 6.Nf3 g6 7.Nd2 a6 8.a4 Nbd7
9.e4 Bg7 10.Be2 O-O 11.O-O Rb8 12.Ra3 Ne8 13.a5 Qe7 14.f4 Nc7 15.Kh1 b5 16.axb6 Nxb6
17.Re1 Re8 18.Nf3 Bb7 19.Rb3 Ba8 20.Bf1 Qd8 21.Be3 Nd7 22.Bf2 Rxb3 23.Qxb3 Qb8
24.Qa4 Nf6 25.Qc2 Bh6 26.g3 Qb4 27.h3 Rb8 28.Re2 Bb7 29.Bg2 Bc8 30.e5 Bf5
31.Qd1 Nfe8 32.e6 Qb3 33.Qd2 fxe6 34.g4 exd5 35.gxf5 d4 36.fxg6 dxc3 37.gxh7+ Kh8
38.bxc3 Qb1+ 39.Kh2 Qxh7 40.Ng5 Qg7 41.Bg3 a5 42.Qd3 Rd8 43.Qf5 Bxg5 44.fxg5 Kg8
45.Bc6 Qf7 46.Qg4 Ng7 47.g6  1-0

[Event "27th TCh-SLO 2017"]
[Site "Slovenia SLO"]
[Date "2017.09.30"]
[Round "2.4"]
[White "Zirkelbach,Maj"]
[Black "Kaps,D"]
[Result "1-0"]
[WhiteElo "2209"]
[BlackElo "2182"]

1.d4 Nf6 2.c4 c5 3.d5 e6 4.Nc3 exd5 5.cxd5 d6 6.Nf3 g6 7.Bf4 Bg7 8.Qa4+ Bd7
9.Qb3 Qc7 10.h3 O-O 11.e3 a6 12.a4 Nh5 13.Bh2 f5 14.Be2 Bh6 15.Ne5 f4 16.Bxh5 gxh5
17.Nc4 b5 18.axb5 axb5 19.Rxa8 bxc4 20.Qxc4 fxe3 21.O-O exf2+ 22.Kh1 Be3
23.Qd3 Re8 24.Ne4 Bd4 25.Qg3+ Bg4 26.Nxd6 Re3 27.Qxf2 Rf3 28.Qe1 Re3 29.Qd2 Bxh3
30.Nc4 Rg3 31.gxh3 h4 32.Bxg3 hxg3 33.Qf4  1-0

[Event "Vasteras Open 2017"]
[Site "Vasteras SWE"]
[Date "2017.09.30"]
[Round "5.8"]
[White "Brynell,S"]
[Black "Nygren,D"]
[Result "0-1"]
[WhiteElo "2415"]
[BlackElo "2221"]

1.d4 Nf6 2.Nf3 c5 3.d5 e6 4.c4 exd5 5.cxd5 d6 6.Nc3 g6 7.Nd2 a6 8.a4 Nbd7
9.e4 Bg7 10.Be2 O-O 11.O-O Re8 12.h3 h5 13.Qc2 Nh7 14.a5 b5 15.axb6 Nxb6
16.Nf3 Nd7 17.Nb1 Qe7 18.Nbd2 g5 19.Ra3 Kh8 20.Re1 g4 21.hxg4 hxg4 22.Nh2 Ne5
23.Ndf1 Qh4 24.Ng3 Rg8 25.Bf4 Bf6 26.Rea1 Ng5 27.Nf5 Bxf5 28.exf5 Rab8 29.Bg3 Qh7
30.R1a2 Rb4 31.Ra4 Ne4 32.Rxb4 Nxg3 33.Rf4 Nh5 34.Rxg4 Nxg4 35.Nxg4 Nf4 36.Bf3 Bd4
37.Qe4 Nh5 38.Rxa6 Ng3 39.Qxd4+ cxd4 40.fxg3 Qxf5 41.Nh6 Qb1+ 42.Kh2 Rf8
43.Rxd6 Kg7 44.g4 Rh8 45.g5 Qf5 46.Kg1 Qxg5 47.Ng4 Qc1+ 48.Kf2 d3 49.Rc6 Qxb2+
50.Kg3 d2 51.Rc4 Qb3 52.Rd4 Qc3  0-1

[Event "Brazil Telecom Sesc Open"]
[Site "Caioba BRA"]
[Date "2017.10.01"]
[Round "7.13"]
[White "Carvalho,H"]
[Black "Menna Barreto,F"]
[Result "0-1"]
[WhiteElo "2153"]
[BlackElo "2271"]

1.d4 Nf6 2.Nf3 e6 3.c4 c5 4.d5 exd5 5.cxd5 d6 6.Nc3 g6 7.g3 Bg7 8.Bg2 O-O
9.O-O a6 10.a4 Re8 11.Nd2 Nbd7 12.h3 b6 13.e4 Rb8 14.Nc4 Ne5 15.Na3 Nh5 16.Kh2 Bd7
17.Qe2 f5 18.f4 fxe4 19.Nxe4 Nf7 20.Nc4 Nf6 21.Nxf6+ Qxf6 22.Qf2 Nh6 23.Bd2 Nf5
24.Bc3 Qf8 25.Rfe1 Rxe1 26.Qxe1 b5 27.axb5 Bxb5 28.Bxg7 Kxg7 29.Qc3+ Qf6
30.Qxf6+ Kxf6 31.b3 Bxc4 32.bxc4 Rb2 33.Kg1 Nxg3 34.Rxa6 Ne2+ 35.Kf1 Nxf4
36.Rxd6+ Ke5 37.Rc6 Nxg2 38.Rxc5 Ne3+ 39.Kg1 Kf4  0-1

[Event "Vasteras Open 2017"]
[Site "Vasteras SWE"]
[Date "2017.10.01"]
[Round "7.2"]
[White "Sjodahl,P"]
[Black "Hillarp Persson,T"]
[Result "0-1"]
[WhiteElo "2413"]
[BlackElo "2517"]

1.d4 Nf6 2.c4 e6 3.Nf3 c5 4.d5 d6 5.Nc3 exd5 6.cxd5 g6 7.h3 a6 8.a4 Qe7 9.Bf4 Bg7
10.e3 O-O 11.Be2 Nbd7 12.O-O Ne8 13.a5 Rb8 14.Na4 Nc7 15.Qb3 b5 16.axb6 Na8
17.Ra2 Naxb6 18.Nc3 c4 19.Bxc4 Nc5 20.Qb4 Bf5 21.Bxa6 Nba4 22.Qa3 Nxc3 23.bxc3 Ra8
24.Qb4 Nxa6 25.Qb6 Nc7 26.Bxd6 Nxd5 27.Qc5 Qb7 28.Rd2 Nxc3 29.Bxf8 Rxf8 30.Qa5 Bxh3
31.Rc1 Bg4 32.Rxc3 Bxc3 33.Qxc3 Bxf3 34.gxf3 Qxf3 35.Qc7 Qg4+ 36.Kh2 Re8
37.Rb2 Qh5+ 38.Kg2 Qd5+ 39.Kg1 Re5 40.Rb8+ Kg7 41.Qd8 Rg5+ 42.Kf1 Qc4+ 43.Ke1 Rg1+
44.Kd2 Qa2+ 45.Kc3 Rc1+ 46.Kb4 Qb2+ 47.Ka5 Ra1+  0-1

[Event "37th Muenich OIS Open"]
[Site "Munich GER"]
[Date "2017.10.02"]
[Round "3.7"]
[White "Schimpf,M"]
[Black "Heer,S"]
[Result "1-0"]
[WhiteElo "2300"]
[BlackElo "2075"]

1.d4 Nf6 2.c4 e6 3.Nc3 c5 4.d5 exd5 5.cxd5 d6 6.Nf3 g6 7.Qa4+ Nbd7 8.Bf4 b5
9.Nxb5 Qb6 10.e4 a6 11.Nd2 Rb8 12.Nxd6+ Bxd6 13.Nc4 Bxf4 14.Nxb6 Rxb6 15.Qc2 O-O
16.Bd3 Be5 17.Rb1 Bd4 18.O-O Ne5 19.Be2 Bd7 20.h3 Rfb8 21.b3 Bb5 22.Kh2 Ned7
23.f4 Bxe2 24.Qxe2 Re8 25.e5 Nxd5 26.Qf3 Ne3 27.Rfe1 Nf5 28.Qd5 Nf8 29.g4 Ne7
30.Qf3 Re6 31.b4 f6 32.exf6 Nc6 33.Rxe6 Rxe6 34.g5 cxb4 35.Qd5 Bc3 36.Rd1 h6
37.h4 hxg5 38.hxg5 a5 39.Qc4 Kf7 40.Rd6 Ne5 41.Qc7+  1-0

[Event "XXIV ProAm Copa Clarin Op"]
[Site "Villa Martelli ARG"]
[Date "2017.10.05"]
[Round "6.9"]
[White "Barrionuevo,P"]
[Black "Hernandez Amura,Gilberto"]
[Result "0-1"]
[WhiteElo "2249"]
[BlackElo "2166"]

1.d4 Nf6 2.c4 c5 3.d5 e6 4.Nc3 exd5 5.cxd5 d6 6.Nf3 g6 7.Bg5 h6 8.Bh4 a6
9.a4 g5 10.Bg3 Nh5 11.Nd2 Nxg3 12.hxg3 Nd7 13.e3 Bg7 14.Qc2 Qe7 15.a5 Ne5
16.Na4 Bg4 17.Nb6 Rd8 18.Ra4 O-O 19.f3 Bd7 20.Nxd7 Nxd7 21.Kf2 b5 22.axb6 Nxb6
23.Rxa6 Rfe8 24.Ne4 Nxd5 25.Qd2 Nxe3 26.Bb5 d5 27.Bxe8 dxe4 28.Bxf7+ Kxf7
29.Qa5 Bd4 30.Qa2+ Nd5+ 31.Kf1 exf3 32.gxf3 Qe3 33.Ra7+ Kf8 34.Kg2 Nf4+ 35.gxf4 Qf2+
36.Kh3 Qxf3+ 37.Kh2 Bg1+  0-1

[Event "9th Beirut Open 2017"]
[Site "Beirut LIB"]
[Date "2017.10.06"]
[Round "8.3"]
[White "Yilmaz,M"]
[Black "Adly,A"]
[Result "1/2-1/2"]
[WhiteElo "2633"]
[BlackElo "2625"]

1.d4 Nf6 2.c4 c5 3.d5 e6 4.Nc3 exd5 5.cxd5 d6 6.Nf3 g6 7.Bf4 Bg7 8.Qa4+ Bd7
9.Qb3 b5 10.Bxd6 Qb6 11.Be5 O-O 12.e3 c4 13.Qd1 b4 14.Nb1 Rc8 15.Nbd2 Bb5
16.a4 bxa3 17.Rxa3 Nbd7 18.Bd4 Qb7 19.d6 Bf8 20.Be2 Bxd6 21.Ra1 a5 22.O-O a4
23.Bxf6 Nxf6 24.Nd4 Nd5 25.Rc1 a3 26.Nxb5 Qxb5 27.bxa3 Nb6 28.Nxc4 Nxc4 29.Rxc4 Rxc4
30.Bxc4 Bxh2+  1/2-1/2

[Event "Banicky kahanec GM 2017"]
[Site "Bojnice SVK"]
[Date "2017.10.13"]
[Round "1.3"]
[White "Obsivac,J"]
[Black "Simacek,P"]
[Result "0-1"]
[WhiteElo "2381"]
[BlackElo "2495"]

1.d4 Nf6 2.c4 c5 3.d5 e6 4.Nc3 exd5 5.cxd5 d6 6.Nf3 g6 7.Nd2 Nbd7 8.e4 Bg7
9.Be2 O-O 10.O-O Re8 11.a4 a6 12.Qc2 Rb8 13.Rb1 Nb6 14.b3 Bg4 15.Bd3 Nh5
16.Nc4 Bd4 17.Nxb6 Qxb6 18.h3 Bd7 19.Kh2 Qd8 20.Ne2 Bg7 21.Ng1 b5 22.axb5 Bxb5
23.Nf3 Bxd3 24.Qxd3 Rb4 25.Re1 Nf6 26.Nd2 Rd4 27.Qxa6 Nxd5 28.f3 f5 29.Qf1 Qh4
30.Nc4 Nc3 31.Ra1 d5 32.Bb2 dxc4 33.Bxc3 Be5+ 34.Kh1 Qg3 35.Qg1 fxe4 36.bxc4 exf3
37.Bxd4 cxd4 38.Rf1 Rf8 39.Ra2 d3 40.Raf2 Bd4 41.Rxf3 Rxf3 42.Rxf3 Qxf3 43.Qxd4 Qe2
44.Qd8+ Kf7 45.Qd7+ Kf6 46.Qd6+ Kg5 47.Qd8+ Kf5 48.Qd5+ Kf4 49.Qd4+ Kg5 50.Qc5+ Kh6
51.Qf8+ Kh5 52.Qc5+ g5 53.Qf5 h6 54.Qf7+ Kh4 55.Kh2 Qe5+ 56.Kg1 Qe1+ 57.Kh2 Qg3+
58.Kg1 Qe1+ 59.Kh2 Qg3+ 60.Kg1 d2 61.Qd7 Qe1+ 62.Kh2 d1=Q  0-1

[Event "Stavanger Open 2017"]
[Site "Stavanger NOR"]
[Date "2017.10.14"]
[Round "7"]
[White "Arvola,B"]
[Black "Strand,H"]
[Result "1-0"]
[WhiteElo "2458"]
[BlackElo "2177"]

1.d4 Nf6 2.c4 c5 3.d5 e6 4.Nc3 exd5 5.cxd5 d6 6.Nf3 g6 7.e4 Bg7 8.Be2 O-O
9.Nd2 Re8 10.O-O a6 11.a4 g5 12.Nc4 h6 13.f4 Nxe4 14.Nxe4 Rxe4 15.Bd3 Rd4
16.Be3 gxf4 17.Bxd4 Bxd4+ 18.Kh1 b5 19.axb5 Bb7 20.Qh5 Qg5 21.Qxg5+ hxg5
22.Rfe1 Kf8 23.Nxd6 Bxd5 24.Re8+ Kg7 25.Nf5+ Kf6 26.Nxd4 cxd4 27.bxa6 Nd7
28.Rxa8 Bxa8 29.b4 Ne5 30.b5 Nxd3 31.Rd1 Nf2+ 32.Kg1 Nxd1 33.b6 Bxg2 34.b7 f3
35.b8=Q Bh3 36.Qh8+  1-0

[Event "Banicky kahanec GM 2017"]
[Site "Bojnice SVK"]
[Date "2017.10.16"]
[Round "5.1"]
[White "Obsivac,J"]
[Black "Molenda,Marcin"]
[Result "0-1"]
[WhiteElo "2381"]
[BlackElo "2397"]

1.d4 Nf6 2.c4 c5 3.d5 e6 4.Nc3 exd5 5.cxd5 d6 6.Nf3 g6 7.Nd2 Bg7 8.e4 O-O
9.Be2 Na6 10.O-O Nc7 11.a4 b6 12.Re1 Rb8 13.Nc4 Ba6 14.Bg5 Bxc4 15.Bxc4 h6
16.Bh4 Qd7 17.f3 a6 18.Qd2 b5 19.Bf1 bxa4 20.Bf2 Rb7 21.Nxa4 Rb4 22.Nxc5 dxc5
23.Bxc5 Rbb8 24.Bxf8 Bxf8 25.Qc2 Rb6 26.Kh1 Bb4 27.Re3 Qe7 28.Rb3 a5 29.Rc1 Nce8
30.Rd3 Qe5 31.g3 h5 32.Qf2 Rb7 33.Qd4 Bd6 34.Qxe5 Bxe5 35.b3 g5 36.Rc5 Nd6
37.Rxa5 Rc7 38.Ra2 Rc1 39.Kg2 h4 40.Be2 hxg3 41.hxg3 Kg7 42.Bd1 Kh6 43.g4 Nb5
44.Rc2 Rb1 45.Rc4 Rb2+ 46.Rc2 Rb1 47.Rc4 Kg7 48.Rc2 Ne8 49.Be2 Ned6 50.Rd1 Rxb3
51.Bxb5 Rxb5 52.Rdd2 Rb8 53.Rc6 Rh8 54.Kf1 Rh3 55.Ke2 Nb5 56.Rc4 Nc3+ 57.Kd3 Rxf3+
58.Kc2 Nb5 59.Ra4 Rc3+ 60.Kd1 Rg3 61.Kc2 Rxg4 62.Kb3 Nd6 63.Re2 Rh4 64.Kc2 g4
65.Rg2 g3 66.Kd3 Kh6 67.Ra8 Rxe4 68.Rg8  0-1

[Event "Pankrac Cup 2017"]
[Site "Prague CZE"]
[Date "2017.10.17"]
[Round "5.9"]
[White "Jelinek,Michal"]
[Black "Svatos,J"]
[Result "0-1"]
[WhiteElo "2173"]
[BlackElo "2310"]

1.d4 Nf6 2.c4 c5 3.d5 e6 4.Nc3 exd5 5.cxd5 d6 6.Nf3 g6 7.Nd2 Bg7 8.Nc4 O-O
9.Bf4 Ne8 10.Qd2 b6 11.a4 Ba6 12.Nb5 Bxb5 13.axb5 Nd7 14.e3 Ne5 15.Bxe5 Bxe5
16.Be2 Bg7 17.O-O Nc7 18.Na3 Qf6 19.Rab1 Rfb8 20.Rfd1 a6 21.b4 axb5 22.Nxb5 Nxb5
23.Bxb5 Ra3 24.Bc6 c4 25.b5 Rc8 26.Qc2 c3 27.Ra1 Rxa1 28.Rxa1 h5 29.Ra6 Rc7
30.Rxb6 Qf5 31.e4 Qf4 32.Kf1 Ra7 33.Ra6 Bd4 34.Rxa7 Bxa7 35.b6 Bxb6 36.Ba4 Qxh2
37.Qxc3 Qh1+ 38.Ke2 Qxg2 39.Qf3 Qg5 40.Bd7 Qe5 41.Kf1 Kg7 42.Bc8 Bd4 43.Bd7 Qe7
44.Bc8 Qc7 45.Bh3 Qc1+ 46.Kg2 Qe1 47.Bd7 Kf8 48.Bh3 g5 49.Bf5 Ke7 50.Qg3 Qd2
51.Kf1 g4 52.Qh4+ Ke8 53.Qg3 Qd1+ 54.Kg2 Qe2 55.Qf4 Be5 56.Qe3 Qxe3 57.fxe3 Kf8
58.Bd7 Ke7 59.Bc6 Kf6 60.Be8 h4 61.Kf2 h3 62.Kg1 Kg5 63.Bxf7 Kh4 64.Be8 g3  0-1

[Event "Negros Open 2017"]
[Site "Bacolod City PHI"]
[Date "2017.10.18"]
[Round "8.15"]
[White "Siddharth,Jagadeesh"]
[Black "Abelgas,Roe"]
[Result "0-1"]
[WhiteElo "1838"]
[BlackElo "2301"]

1.d4 c5 2.d5 e6 3.c4 exd5 4.cxd5 d6 5.Nc3 Nf6 6.Nf3 g6 7.e4 Bg7 8.Be2 Bg4
9.O-O Bxf3 10.Bxf3 O-O 11.Bf4 Re8 12.Re1 a6 13.a4 Qc7 14.a5 Nfd7 15.g3 Ne5
16.Be2 Nbd7 17.h4 c4 18.h5 Nc5 19.Bxe5 Bxe5 20.Bxc4 Nd7 21.Bf1 Nf6 22.hxg6 hxg6
23.Qf3 Kg7 24.Bh3 Qc4 25.Na4 Rad8 26.Nb6 Qb4 27.Re2 Re7 28.Rc2 Qxe4 29.Qxe4 Nxe4
30.Re1 Nc5 31.Nc4 Bf6 32.Rxe7 Bxe7 33.b4 Nd3 34.Nb6 Rb8 35.Rc7 Bd8 36.Rd7 Ne5
37.Rxd6 Be7 38.Nd7 Bxd6 39.Nxb8 Bxb8 40.Bc8 Nd3 41.Bxb7 Nxb4 42.Kf1 Bc7  0-1

[Event "TCh-ISL Div 1 2017-18"]
[Site "Reykjavik ISL"]
[Date "2017.10.19"]
[Round "1.3"]
[White "Vigfusson,T"]
[Black "Arnarson,S"]
[Result "1-0"]
[WhiteElo "2200"]
[BlackElo "2033"]

1.d4 Nf6 2.c4 c5 3.d5 e6 4.Nc3 exd5 5.cxd5 d6 6.Nf3 g6 7.Nd2 Na6 8.Nc4 Nc7
9.a4 b6 10.e4 Ba6 11.Bf4 Nh5 12.Be3 Bg7 13.g4 Bxc4 14.Bxc4 Bxc3+ 15.bxc3 Qf6
16.Kd2 Nf4 17.Qf3 Nfxd5 18.Qxf6 Nxf6 19.f3 O-O 20.Bf4 Rad8 21.Kc2 Ne6 22.Bh6 Rfe8
23.Rad1 Nc7 24.Bf4 Nxe4 25.fxe4 Rxe4 26.Bxd6 Ne8 27.Bd3 Rxg4 28.Be7 Rd7 29.Rhe1 Rf4
30.Bg5 Rf2+ 31.Kb3 Nc7 32.Bc4 Rxd1 33.Rxd1 Kg7 34.Rd7 Ne8 35.Bd8 Rf4 36.Bd5 h5
37.Rxa7 Nd6 38.Bxb6 c4+ 39.Kb4 h4 40.Rd7 Nf5 41.Rxf7+ Kh6 42.a5  1-0

[Event "TCh-SWE Elitserien"]
[Site "Sweden SWE"]
[Date "2017.10.21"]
[Round "2.4"]
[White "Hedman,E"]
[Black "Eklund,J"]
[Result "1-0"]
[WhiteElo "2366"]
[BlackElo "2226"]

1.d4 Nf6 2.c4 c5 3.d5 e6 4.Nc3 exd5 5.cxd5 d6 6.Nf3 g6 7.Bf4 Bg7 8.a4 O-O
9.h3 Qe7 10.e3 Nbd7 11.Be2 Ne8 12.O-O a6 13.Nd2 f5 14.Re1 Rb8 15.Qb3 g5 16.Bh2 Qd8
17.a5 f4 18.exf4 gxf4 19.Ra4 b5 20.axb6 Rxb6 21.Qa3 Ne5 22.Rxf4 Rxf4 23.Bxf4 Rb4
24.Bg3 Nc7 25.Nde4 Bf5 26.Bxa6 Bxe4 27.Nxe4 Rxb2 28.Nxc5 dxc5 29.Bxe5 Bxe5
30.Rxe5 Rxf2 31.Qg3+ Kh8 32.Qxf2 Nxa6 33.Qf7 Nc7 34.Re7 Qxd5 35.Qg7+  1-0

[Event "TCh-BEL 2017-18"]
[Site "Belgium BEL"]
[Date "2017.10.22"]
[Round "3.7"]
[White "Goormachtigh,J"]
[Black "Piacentini,C"]
[Result "1-0"]
[WhiteElo "2143"]
[BlackElo "2151"]

1.d4 Nf6 2.c4 c5 3.d5 e6 4.Nc3 exd5 5.cxd5 d6 6.Nf3 g6 7.h3 Bg7 8.e4 O-O
9.Bd3 a6 10.a4 Re8 11.O-O Nbd7 12.Bf4 Qc7 13.Re1 Nh5 14.Bh2 Ne5 15.Be2 Nxf3+
16.Bxf3 Nf6 17.e5 dxe5 18.d6 Qb6 19.Bxe5 Be6 20.a5 Qa7 21.Nd5 Nxd5 22.Bxg7 Red8
23.Be5 Nb4 24.Qd2 Rd7 25.Qh6 f5 26.Bc3 Re8 27.h4 b5 28.Bxb4 cxb4 29.Bc6 Rc8
30.Rxe6  1-0

[Event "TCh-ISL Div 1 2017-18"]
[Site "Reykjavik ISL"]
[Date "2017.10.22"]
[Round "5.5"]
[White "Viglundsson,B"]
[Black "Thor,J"]
[Result "1-0"]
[WhiteElo "2143"]
[BlackElo "2120"]

1.d4 Nf6 2.c4 e6 3.Nc3 c5 4.d5 exd5 5.cxd5 d6 6.Nf3 g6 7.Nd2 Bg7 8.e4 O-O
9.Be2 Re8 10.O-O a6 11.a4 Nbd7 12.Re1 Rb8 13.h3 b6 14.Qc2 Qc7 15.Nc4 b5 16.axb5 axb5
17.Na5 c4 18.Nc6 Rb7 19.Ra5 Nb8 20.Nxb5 Rxb5 21.Rxb5 Nxc6 22.dxc6 Qxc6 23.Qxc4 Qa8
24.Qb3 Be6 25.Bc4 Nxe4 26.Be3 h5 27.Rd1 Kh7 28.Bd5 Bxd5 29.Qxd5 Qa4 30.Qb3 Qa6
31.Rb7 Rf8 32.Rxf7 Rxf7 33.Qxf7 Qe2 34.Ra1 Qxb2 35.Ra7 Qe5 36.Re7 Qa1+ 37.Kh2 Nf6
38.Qxg7+  1-0

[Event "27th TCh-SLO 2017"]
[Site "Slovenia SLO"]
[Date "2017.10.22"]
[Round "6.2"]
[White "Lenic,L"]
[Black "Markoja,B"]
[Result "1-0"]
[WhiteElo "2646"]
[BlackElo "2428"]

1.d4 Nf6 2.c4 c5 3.d5 e6 4.Nc3 exd5 5.cxd5 d6 6.Nf3 g6 7.Bf4 a6 8.a4 Bg7
9.h3 O-O 10.e3 Ne8 11.Be2 Nd7 12.O-O b6 13.e4 Ne5 14.Qd2 Nxf3+ 15.Bxf3 Ra7
16.Rfe1 Be5 17.Rab1 Rc7 18.Be2 f5 19.Bxe5 dxe5 20.f4 Re7 21.exf5 gxf5 22.b4 Qd6
23.bxc5 Qxc5+ 24.Kh1 exf4 25.Rec1 Qd6 26.Qd4 Rf6 27.Bf3 Bd7 28.Ne2 Qe5 29.Qxe5 Rxe5
30.Nd4 Bxa4 31.Nc6 Re3 32.Rxb6 Bb5 33.Rb8 Be2 34.Bxe2 Rxe2 35.Nd4 Re7 36.d6 Rxd6
37.Nxf5 Rde6 38.Nxe7+ Rxe7 39.Rc4  1-0

[Event "ch-EUR Women Blitz 2017"]
[Site "Monaco MNC"]
[Date "2017.10.23"]
[Round "11.11"]
[White "Girya,O"]
[Black "Maisuradze,N"]
[Result "1-0"]
[WhiteElo "2505"]
[BlackElo "2240"]

1.d4 Nf6 2.Nf3 c5 3.d5 e6 4.c4 exd5 5.cxd5 d6 6.Nc3 g6 7.h3 Bg7 8.e4 O-O
9.Bd3 Nbd7 10.O-O Re8 11.Re1 a6 12.a4 Nh5 13.Bg5 Bf6 14.Be3 Ne5 15.Be2 Nxf3+
16.Bxf3 Ng7 17.Qd2 Be5 18.a5 f5 19.Bg5 Qc7 20.Na4 Bd7 21.Nb6 Rab8 22.Nc4 Bb5
23.Nxe5 dxe5 24.d6 Qd7 25.Qd5+ Kh8 26.Qxc5 f4 27.Bf6 Qe6 28.Bxg7+ Kxg7 29.Bg4 Qc4
30.Qc7+ Qf7 31.Rac1 h5 32.Bd1 Bd7 33.Bb3 Be6 34.Qxf7+ Kxf7 35.Rc7+ Kf6 36.d7 Red8
37.Bxe6 Kxe6 38.Rd1 g5 39.Rd5 g4 40.hxg4 hxg4 41.Kf1 b6 42.Rc6+ Ke7 43.Rxb6 Rxb6
44.axb6 Rxd7 45.Rxe5+ Kf6 46.Rf5+ Kg6 47.Rxf4 Kg5 48.Rf5+ Kg6 49.Rd5 Rb7
50.Rd6+ Kf7 51.e5 Ke7 52.Ke2 a5 53.Kd3 a4 54.Kc4 a3 55.bxa3 Ke8 56.Kb5  1-0

[Event "Corsica Coca Cola Blitz"]
[Site "Bastia FRA"]
[Date "2017.10.24"]
[Round "6.4"]
[White "Chakravarthi Reddy,M"]
[Black "Fier,A"]
[Result "0-1"]
[WhiteElo "2353"]
[BlackElo "2573"]

1.d4 Nf6 2.c4 c5 3.d5 e6 4.Nc3 exd5 5.cxd5 d6 6.Nf3 g6 7.Nd2 Bg7 8.Nc4 O-O
9.Bf4 Ne8 10.Qd2 b6 11.e3 Ba6 12.Be2 Bxc4 13.Bxc4 Nd7 14.h3 a6 15.a4 Ne5
16.Be2 Nc7 17.O-O Rb8 18.Bh2 Re8 19.Rab1 b5 20.axb5 Nxb5 21.Ra1 Qc8 22.Ra4 Nc7
23.Rfa1 Rb6 24.R1a2 Qb7 25.h4 Rb8 26.Ne4 f5 27.Ng5 Rxb2 28.Rxb2 Qxb2 29.Qxb2 Rxb2
30.Bf1 Rb1 31.Bg3 Bf6 32.Nf3 Nxd5 33.Rxa6 c4 34.Nxe5 Bxe5 35.Bxe5 dxe5 36.Rc6 c3
37.g3 Rc1 38.Kg2 Kf8 39.Bc4 Nb4 40.Rc8+ Ke7 41.Bb3 Nd3 42.Rc7+ Kd6 43.Rxh7 Ne1+
44.Kh2 Nf3+ 45.Kg2 e4  0-1

[Event "Corsica Coca Cola Blitz"]
[Site "Bastia FRA"]
[Date "2017.10.24"]
[Round "9.2"]
[White "Zubov,A UKR"]
[Black "Lagarde,Max"]
[Result "1-0"]
[WhiteElo "2623"]
[BlackElo "2594"]

1.d4 Nf6 2.c4 c5 3.d5 e6 4.Nc3 exd5 5.cxd5 d6 6.Nf3 g6 7.Nd2 Bh6 8.Nc4 Bxc1
9.Qxc1 O-O 10.Qf4 b5 11.Nxb5 Nxd5 12.Qxd6 Nb4 13.Qxd8 Rxd8 14.Nba3 N8c6 15.e3 Bf5
16.f3 Rab8 17.g4 Bd3 18.b3 Bxc4 19.Bxc4 Ne5 20.Ke2 Re8 21.Rhd1 Re7 22.Rd2 Rbe8
23.Kf2 Nec6 24.Re1 Kg7 25.Bb5 Rc8 26.Bxc6 Rxc6 27.Nc4 Rce6 28.Ree2 Nc6 29.Rd6 Rxd6
30.Nxd6 Ne5 31.Rd2 h5 32.gxh5 Rc7  1-0

[Event "1st AXPG Brazil Open 2017"]
[Site "Ponta Grossa BRA"]
[Date "2017.10.27"]
[Round "2.31"]
[White "Souza,Gustavo Horokoski De"]
[Black "Carneiro,Paulo Irajara Borba"]
[Result "1-0"]
[WhiteElo "2002"]
[BlackElo "1583"]

1.d4 Nf6 2.c4 e6 3.Nc3 c5 4.d5 exd5 5.cxd5 d6 6.Nf3 g6 7.Bf4 a6 8.a4 b6 9.h3 Bg7
10.e3 O-O 11.Be2 Re8 12.Nd2 Qc7 13.O-O Bb7 14.Nc4 Bf8 15.Re1 Nbd7 16.Bf3 Rad8
17.Qb3 Rb8 18.Rad1 Bc8 19.Be2 Ne4 20.Nd2 Nxd2 21.Rxd2 Ne5 22.Bg3 Bg7 23.e4 Qe7
24.f4 Nd7 25.Bc4 Bd4+ 26.Kh1 Kg7 27.Qc2 Qf6 28.Qd3 Ra8 29.Qc2 h5 30.Ne2 h4
31.Bh2 Bf2 32.Rf1 Bg3 33.Nxg3 hxg3 34.Bxg3 Qe7 35.e5 dxe5 36.fxe5 Qg5 37.Bf4 Qd8
38.d6 Nf8 39.Qe4 Bf5 40.Qe3 Ne6 41.Bh6+ Kg8 42.g4 Bxg4 43.hxg4 Qh4+ 44.Rh2 Qxg4
45.Bxe6 Qxe6 46.Bg5 f5 47.Be7 Rxe7 48.dxe7 Qxe7 49.Qh6 Qg7 50.Rg1 Qb7+ 51.Rhg2 Qh7
52.Rxg6+ Kh8 53.Rxb6 Rg8 54.Rxg8+  1-0

[Event "Karpov Trophy YM Rapid"]
[Site "Cap d'Agde FRA"]
[Date "2017.10.28"]
[Round "4.2"]
[White "Savina,A"]
[Black "Cori T.,D"]
[Result "0-1"]
[WhiteElo "2350"]
[BlackElo "2386"]

1.d4 Nf6 2.c4 e6 3.Nf3 c5 4.d5 exd5 5.cxd5 d6 6.Nc3 a6 7.a4 g6 8.Nd2 Bg7
9.e4 O-O 10.Be2 Re8 11.O-O h5 12.f3 Nfd7 13.Nc4 Ne5 14.Ne3 Qh4 15.Qe1 Qe7
16.a5 Nbd7 17.h3 Nf8 18.Na4 Rb8 19.Nb6 Ned7 20.Nxc8 Rexc8 21.Nc4 Ne5 22.Nb6 Re8
23.Rb1 Nfd7 24.Nxd7 Nxd7 25.b4 cxb4 26.Rxb4 Rec8 27.Bb2 Bxb2 28.Rxb2 Qe5
29.Qb1 Qc3 30.Kh1 Nc5 31.Qa2 Na4 32.Rb3 Qxa5 33.Qa3 Rc5 34.f4 b5 35.f5 Qd2
36.fxg6 Qxe2 37.gxf7+ Kf8 38.Qa1 Rc3 39.Rb2  0-1